[Event "32. Kieler Open 2019 B-Open"]
[Site "Kiel"]
[Date "2019.07.27"]
[Round "1.29"]
[White "Johlke, Lukas"]
[Black "Schulz, Jale"]
[Result "1-0"]
[Annotator "MB"]
[WhiteElo "1584"]
[BlackElo "933"]
[PlyCount "67"]
[EventDate "2019.??.??"]

1. e4 e5 2. Nf3 Nc6 3. Bb5 Bd6 4. d3 a6 5. Ba4 Nf6 6. Bg5 h6 7. Bh4 O-O 8. O-O
b5 9. Bb3 Bb7 10. Nc3 Nd4 11. Nxd4 exd4 12. Nd5 Bxd5 13. Bxd5 Qe7 14. Bxa8 Rxa8
15. Re1 Qe5 16. Bg3 Qg5 17. e5 Bb4 18. exf6 Bxe1 19. Qxe1 Qxf6 20. Bxc7 Rc8 21.
Be5 Qg5 22. Bxd4 Rxc2 23. Bc3 Qf5 24. Qe8+ Kh7 25. Qe4 g6 26. Qxf5 gxf5 27. Re1
d5 28. g3 h5 29. Re5 Rc1+ 30. Kg2 Kg6 31. Rxd5 Ra1 32. Rd6+ Kg5 33. h4+ Kg4 34.
f3# 1-0

[Event "32. Kieler Open 2019 B-Open"]
[Site "Kiel"]
[Date "2019.07.27"]
[Round "1.30"]
[White "Frahm, Ben Jonas"]
[Black "Bräutigam, Alexander"]
[Result "0-1"]
[Annotator "MB"]
[WhiteElo "776"]
[BlackElo "1558"]
[PlyCount "50"]
[EventDate "2019.??.??"]
[WhiteTeam "Raisdorfer SG"]
[BlackTeam "SV VHS Rendsburg"]

1. e4 c5 2. b3 d6 3. Nf3 Nf6 4. Bb2 Nxe4 5. Bd3 Nf6 6. Ng5 h6 7. Bxf6 gxf6 8.
Nf3 Rg8 9. O-O Bh3 10. Nh4 Qd7 11. Be4 Nc6 12. Bd5 e6 13. Bf3 Nd4 14. Be4 f5
15. Bd3 Be7 16. Re1 Bxh4 17. g3 Qc6 18. f3 Nxf3+ 19. Kf2 Nxe1 20. Kxe1 Qh1+ 21.
Ke2 Qg2+ 22. Ke1 Rxg3 23. Bb5+ Kd8 24. Qh5 Re3+ 25. Kd1 Re1# 0-1

[Event "32. Kieler Open 2019 B-Open"]
[Site "Kiel"]
[Date "2019.07.27"]
[Round "2.1"]
[White "Wirtjes, Edzard"]
[Black "von Koschitzky, Tilo"]
[Result "1/2-1/2"]
[WhiteElo "1601"]
[BlackElo "1774"]
[Annotator "MB"]
[PlyCount "92"]
[EventDate "2019.??.??"]

1. c4 f5 2. Nc3 d6 3. d4 g6 4. Nf3 Bg7 5. g3 a5 6. Bg2 Nf6 7. O-O O-O 8. Qc2
Qe8 9. Nb5 Na6 10. d5 c6 11. dxc6 bxc6 12. Nbd4 Nb4 13. Qa4 Bd7 14. Ng5 e5 15.
Nc2 c5 16. Qb3 a4 17. Qc3 Rb8 18. Nxb4 Rxb4 19. Qc2 h6 20. Nh3 Be6 21. b3 axb3
22. axb3 Qb8 23. Ra3 Qb6 24. Bd2 g5 25. Kh1 d5 26. Bxb4 Qxb4 27. Ra6 Bc8 28.
Ra4 Qb6 29. cxd5 g4 30. Ng1 e4 31. Rc1 Nd7 32. e3 Bb7 33. Qc4 Ne5 34. Qc2 Nd3
35. Rb1 Bxd5 36. Bf1 Nb4 37. Qd1 Bc6 38. Bc4+ Kh8 39. Ra3 Rd8 40. Qe2 Bc3 41.
Rd1 Nd3 42. Kg2 Bb5 43. Qc2 Ne1+ 44. Rxe1 Bxe1 45. Ra1 Bxc4 46. Qxc4 Ba5
1/2-1/2

[Event "32. Kieler Open 2019 B-Open"]
[Site "Kiel"]
[Date "2019.07.27"]
[Round "2.2"]
[White "Kanzmeier, Erwin"]
[Black "Plichta, Hans-Reiner"]
[Result "0-1"]
[WhiteElo "1587"]
[BlackElo "1765"]
[Annotator "MB"]
[PlyCount "116"]
[EventDate "2019.??.??"]

1. e4 c5 2. Nf3 e6 3. d4 cxd4 4. Nxd4 a6 5. Be2 Bc5 6. Nb3 Bb6 7. O-O Nc6 8.
Nc3 Nf6 9. Kh1 O-O 10. f4 d6 11. Bf3 Qc7 12. Qe2 Nd4 13. Nxd4 Bxd4 14. Bd2 Bd7
15. Rfd1 Rac8 16. Qd3 e5 17. f5 Qc4 18. Bg5 Qxd3 19. Rxd3 Bc6 20. Bxf6 gxf6 21.
Rb1 Kh8 22. Rc1 Rg8 23. b3 b5 24. Ne2 Bc5 25. c3 b4 26. c4 a5 27. Rf1 a4 28.
Ng3 Rg5 29. Ne2 Ra8 30. g4 axb3 31. axb3 Ra2 32. Ng3 Rc2 33. Bd1 Rc1 34. Bf3
Rxf1+ 35. Nxf1 h5 36. h3 h4 37. Kg2 Rg8 38. Nd2 Ra8 39. Be2 Ra1 40. Bf1 Rc1 41.
Kf3 Rc3 42. Be2 Rc1 43. Bf1 Bd4 44. Ke2 Rc2 45. Bg2 Kg7 46. Bf3 Kf8 47. Kd1 Ra2
48. Ke2 Ke7 49. Kf1 Ra1+ 50. Ke2 Ra2 51. Kd1 Bc3 52. Ke2 Rb2 53. Ke3 Bxd2+ 54.
Rxd2 Rxb3+ 55. Rd3 Rxd3+ 56. Kxd3 Kd7 57. Kc2 Ba4+ 58. Kb2 Kc6 0-1

[Event "32. Kieler Open 2019 B-Open"]
[Site "Kiel"]
[Date "2019.07.27"]
[Round "2.3"]
[White "BrÃ¤utigam, Alexander"]
[Black "Behrendt, Matthias"]
[Result "1/2-1/2"]
[WhiteElo "1558"]
[BlackElo "1747"]
[Annotator "MB"]
[PlyCount "175"]
[EventDate "2019.??.??"]

1. d4 Nf6 2. c4 d6 3. Nf3 Nbd7 4. Bf4 g6 5. Nc3 Bg7 6. e3 Nh5 7. Bg3 Nxg3 8.
hxg3 c5 9. Qc2 cxd4 10. Nxd4 a6 11. Rd1 Nf6 12. Be2 Qc7 13. b3 Bd7 14. Bf3 Rc8
15. Qd3 O-O 16. Nd5 Nxd5 17. Bxd5 e5 18. Ne2 b5 19. e4 Qa5+ 20. Qd2 Qxd2+ 21.
Rxd2 Bc6 22. Nc3 b4 23. Bxc6 bxc3 24. Rxd6 Rxc6 25. Rxc6 Rd8 26. O-O Bh6 27. f4
c2 28. Rc8 Rxc8 29. Rc1 exf4 30. gxf4 Bxf4 31. Rxc2 h5 32. b4 Rd8 33. a4 h4 34.
b5 axb5 35. axb5 Rd4 36. c5 Rxe4 37. c6 Bc7 38. Rd2 Re5 39. Rd7 Bb6+ 40. Kf1
Rxb5 41. Rb7 Rb1+ 42. Ke2 Rc1 43. Rxb6 Kg7 44. Kd2 Rc5 45. Kd3 Kf6 46. Kd4 Rc1
47. Kd5 Rd1+ 48. Kc5 Ke7 49. Rb4 g5 50. c7 Kd7 51. Kb6 Kc8 52. Kc6 Rc1+ 53. Kd6
Rxc7 54. Rb5 f6 55. Rb3 f5 56. Ke5 f4 57. Kf5 Rc5+ 58. Kg4 Kd7 59. Rb7+ Kc6 60.
Rb2 Re5 61. Rc2+ Kd5 62. Rd2+ Kc4 63. Rd1 Kc3 64. Rd6 Kc4 65. Rd1 Rd5 66. Rf1
Kd4 67. Rf3 Ke4 68. Ra3 Rd3 69. Ra4+ Rd4 70. Ra5 Ke3 71. Kxg5 Kf2 72. Kxh4 Kxg2
73. Ra2+ Kf3 74. Kh3 Rd3 75. Kh2 Re3 76. Ra1 Re2+ 77. Kg1 Kg3 78. Kf1 f3 79.
Ra7 Re5 80. Rg7+ Kf4 81. Rf7+ Ke3 82. Ra7 Kf4 83. Rf7+ Rf5 84. Rxf5+ Kxf5 85.
Kf2 Kf4 86. Kf1 Ke3 87. Ke1 Kf4 88. Kf2 1/2-1/2

[Event "32. Kieler Open 2019 B-Open"]
[Site "Kiel"]
[Date "2019.07.27"]
[Round "2.4"]
[White "Sowa, Kay"]
[Black "Kageler, Anton Paul"]
[Result "1/2-1/2"]
[WhiteElo "1729"]
[BlackElo "1601"]
[Annotator "MB"]
[PlyCount "43"]
[EventDate "2019.??.??"]

1. d4 Nf6 2. Nc3 d5 3. Bf4 c5 4. e4 cxd4 5. Qxd4 e6 6. O-O-O Nc6 7. Bb5 a6 8.
Bxc6+ bxc6 9. exd5 cxd5 10. Nf3 Be7 11. g4 O-O 12. h4 Qa5 13. Bd2 Bc5 14. Qf4
Bd7 15. Ne5 Rab8 16. Ne4 Qxa2 17. Nxf6+ gxf6 18. Bc3 d4 19. Qxf6 dxc3 20. Qg5+
Kh8 21. Qf6+ Kg8 22. Qg5+ 1/2-1/2

[Event "32. Kieler Open 2019 B-Open"]
[Site "Kiel"]
[Date "2019.07.27"]
[Round "2.5"]
[White "Reimer, Eugen"]
[Black "Gerigk, Daniel"]
[Result "1-0"]
[WhiteElo "1554"]
[BlackElo "1701"]
[Annotator "MB"]
[PlyCount "81"]
[EventDate "2019.??.??"]

1. e4 e5 2. Nf3 Nc6 3. Bc4 Nf6 4. O-O Nxe4 5. Bd5 Nf6 6. Bxc6 dxc6 7. Nxe5 Bd6
8. d4 Bf5 9. Bg5 Bxe5 10. dxe5 Qxd1 11. Rxd1 Nd7 12. c4 Nxe5 13. Re1 f6 14.
Bxf6 gxf6 15. f4 O-O-O 16. fxe5 fxe5 17. Nc3 Rhe8 18. Re3 Rd4 19. b3 Kd7 20.
Rae1 e4 21. h3 Kd6 22. Ne2 Rd3 23. Ng3 Bg6 24. Nxe4+ Bxe4 25. Rxd3+ Bxd3 26.
Rxe8 Bb1 27. Re2 Kc5 28. a3 a5 29. Re5+ Kb6 30. g4 Ba2 31. Re3 a4 32. b4 Bxc4
33. Re5 Bd5 34. g5 Kb5 35. h4 Kc4 36. h5 Bg8 37. g6 Kb3 38. Re3+ Kc4 39. Re7
Kb3 40. Rxh7 Kxa3 41. Rxc7 1-0

[Event "32. Kieler Open 2019 B-Open"]
[Site "Kiel"]
[Date "2019.07.27"]
[Round "2.6"]
[White "Salwasser, Andrej"]
[Black "Jarosch, Wolfram"]
[Result "0-1"]
[WhiteElo "1287"]
[BlackElo "1691"]
[Annotator "MB"]
[PlyCount "59"]
[EventDate "2019.??.??"]

1. e4 d5 2. e5 c5 3. c3 Nc6 4. d4 e6 5. Nf3 Nge7 6. dxc5 Ng6 7. Bb5 Bxc5 8. O-O
O-O 9. Re1 Qb6 10. Qe2 Ncxe5 11. Nxe5 Nxe5 12. Be3 Bxe3 13. Qxe3 Qxb5 14. Qe2
Qxe2 15. Rxe2 Ng6 16. Na3 b6 17. Nc2 Ba6 18. Re3 Rac8 19. Rd1 Bc4 20. Ra1 e5
21. Na3 Ba6 22. Rd1 Rfd8 23. g3 d4 24. cxd4 Rxd4 25. Ree1 Rcd8 26. Rxd4 exd4
27. h4 d3 28. Rd1 Ne5 29. Nb1 Nc4 30. Rd2 0-1

[Event "32. Kieler Open 2019 B-Open"]
[Site "Kiel"]
[Date "2019.07.27"]
[Round "2.7"]
[White "Neubert, Conrad"]
[Black "Suliga, Eckhard"]
[Result "0-1"]
[WhiteElo "1094"]
[BlackElo "1682"]
[Annotator "MB"]
[PlyCount "36"]
[EventDate "2019.??.??"]

1. Nf3 Nf6 2. c4 e6 3. d4 b6 4. g3 Bb7 5. Bg2 Be7 6. O-O O-O 7. b3 d6 8. Bb2
Nbd7 9. Nc3 Ne4 10. Qc2 Nxc3 11. Bxc3 f5 12. Ne5 Bxg2 13. Nxd7 Qxd7 14. Kxg2
Qe8 15. e4 f4 16. d5 f3+ 17. Kh1 Bf6 18. Bd2 Bxa1 0-1

[Event "32. Kieler Open 2019 B-Open"]
[Site "Kiel"]
[Date "2019.07.27"]
[Round "2.8"]
[White "Beyer, Mirko"]
[Black "Johlke, Lukas"]
[Result "1/2-1/2"]
[WhiteElo "1675"]
[BlackElo "1584"]
[Annotator "MB"]
[PlyCount "51"]
[EventDate "2019.??.??"]

1. e4 e5 2. Nf3 Nc6 3. Bc4 Bc5 4. c3 Nf6 5. d3 O-O 6. O-O d6 7. b4 Bb6 8. a4 a6
9. h3 h6 10. Be3 Bxe3 11. fxe3 Be6 12. Bxe6 fxe6 13. Qb3 Qd7 14. Nbd2 b5 15.
axb5 axb5 16. Ra2 Kh8 17. Rfa1 Rxa2 18. Rxa2 Qc8 19. c4 Qb8 20. c5 d5 21. Qc3
dxe4 22. dxe4 Nd7 23. Nb3 Nf6 24. Nfd2 Rd8 25. Na5 Nxa5 26. Rxa5 1/2-1/2

[Event "32. Kieler Open 2019 B-Open"]
[Site "Kiel"]
[Date "2019.07.27"]
[Round "2.9"]
[White "Bendixen, Matthes"]
[Black "Wellßow, Keoki"]
[Result "1-0"]
[WhiteElo "1645"]
[BlackElo "1544"]
[Annotator "MB"]
[PlyCount "35"]
[EventDate "2019.??.??"]

1. d4 g6 2. c4 Bg7 3. Nc3 d6 4. Nf3 Nf6 5. g3 O-O 6. Bg2 Nbd7 7. O-O e5 8. b3
Ne8 9. Bb2 f5 10. dxe5 dxe5 11. e4 fxe4 12. Nxe4 Nef6 13. Nfg5 Nxe4 14. Ne6
Nxf2 15. Rxf2 Rxf2 16. Nxd8 Rxb2 17. Qd5+ Kf8 18. Qf7# 1-0

[Event "32. Kieler Open 2019 B-Open"]
[Site "Kiel"]
[Date "2019.07.27"]
[Round "2.10"]
[White "Ehrich, Dieter"]
[Black "Schwerdt, Anton Gabriel"]
[Result "1/2-1/2"]
[WhiteElo "1612"]
[BlackElo "1455"]
[Annotator "MB"]
[PlyCount "40"]
[EventDate "2019.??.??"]

1. c4 Nf6 2. g3 e6 3. Bg2 c6 4. Nf3 d5 5. d4 Nbd7 6. b3 Bb4+ 7. Bd2 Bxd2+ 8.
Nbxd2 Nf8 9. Qc2 Ng6 10. e4 dxe4 11. Nxe4 Nxe4 12. Qxe4 O-O 13. O-O Re8 14.
Rad1 Bd7 15. Qd3 Qc7 16. Ng5 Rad8 17. Rfe1 Bc8 18. Qc2 b6 19. b4 h6 20. Nf3 Bb7
1/2-1/2

[Event "32. Kieler Open 2019 B-Open"]
[Site "Kiel"]
[Date "2019.07.27"]
[Round "2.12"]
[White "Noreisch, Reiner"]
[Black "Lawrenz, Norbert"]
[Result "1-0"]
[WhiteElo "1602"]
[BlackElo "1434"]
[Annotator "MB"]
[PlyCount "41"]
[EventDate "2019.??.??"]

1. c4 c5 2. g3 g6 3. Bg2 Bg7 4. Nc3 Nc6 5. e4 d6 6. Nge2 Nf6 7. h3 e5 8. O-O
O-O 9. d3 a6 10. f4 exf4 11. Bxf4 Nd4 12. Qd2 Re8 13. Bg5 Ne6 14. Bh4 h6 15. g4
g5 16. Bg3 Qe7 17. Rab1 Nd7 18. b4 Nd4 19. Nd5 Qd8 20. Bxd6 Nb6 21. Bc7 1-0

[Event "32. Kieler Open 2019 B-Open"]
[Site "Kiel"]
[Date "2019.07.27"]
[Round "2.13"]
[White "Welker, Alexandra"]
[Black "Gerull, Dirk"]
[Result "1/2-1/2"]
[WhiteElo "1339"]
[BlackElo "1815"]
[Annotator "MB"]
[PlyCount "40"]
[EventDate "2019.??.??"]

1. e4 d5 2. exd5 Qxd5 3. Nc3 Qd8 4. Nf3 c6 5. d4 Bf5 6. Bc4 e6 7. O-O Nf6 8.
Re1 Qc7 9. d5 cxd5 10. Bxd5 Nxd5 11. Nxd5 Qd7 12. Bf4 Na6 13. Qd2 Be7 14. Ne3
Qxd2 15. Nxd2 Bg6 16. Nf3 O-O 17. Ne5 Rac8 18. Nxg6 hxg6 19. Be5 Nb4 20. Bc3
Nc6 1/2-1/2

[Event "32. Kieler Open 2019 B-Open"]
[Site "Kiel"]
[Date "2019.07.27"]
[Round "2.14"]
[White "Hentrop, Malte"]
[Black "Pick, Max"]
[Result "1/2-1/2"]
[WhiteElo "1805"]
[BlackElo "1515"]
[Annotator "MB"]
[PlyCount "75"]
[EventDate "2019.??.??"]

1. d4 d5 2. c4 c6 3. Nc3 Nf6 4. Nf3 Bg4 5. Ne5 Bf5 6. e3 e6 7. g4 Be4 8. f3 Bg6
9. h4 h5 10. Nxg6 fxg6 11. g5 Ng8 12. Bd3 Kf7 13. Qc2 Ne7 14. cxd5 cxd5 15. Bd2
Nbc6 16. a3 Qc7 17. O-O-O a6 18. Ne2 Qb6 19. Bc3 Rc8 20. e4 e5 21. dxe5 d4 22.
Bc4+ Ke8 23. Nxd4 Nxe5 24. Bd5 N7c6 25. Nxc6 Nxc6 26. Qb3 Qxb3 27. Bxb3 Na5 28.
Kc2 Bc5 29. Be6 Rc7 30. b4 Ke7 31. Ba2 Bb6 32. bxa5 Bxa5 33. Rd3 Rhc8 34. Rhd1
Rxc3+ 35. Kb2 Rc2+ 36. Kb1 R8c7 37. Rd5 R2c5 38. Rxc5 1/2-1/2

[Event "32. Kieler Open 2019 B-Open"]
[Site "Kiel"]
[Date "2019.07.27"]
[Round "2.15"]
[White "Götz, Dirk"]
[Black "Woltmann, Peter"]
[Result "1-0"]
[WhiteElo "1766"]
[BlackElo "1523"]
[Annotator "MB"]
[PlyCount "71"]
[EventDate "2019.??.??"]

1. d4 e6 2. Nf3 Nf6 3. e3 d5 4. Bd3 c5 5. c3 Nc6 6. Nbd2 Bd6 7. O-O O-O 8. dxc5
Bxc5 9. e4 d4 10. Nb3 Bb6 11. cxd4 Nxd4 12. Nbxd4 Bxd4 13. e5 Bxe5 14. Nxe5 Qc7
15. Bf4 Nd5 16. Bg3 Qa5 17. a3 f5 18. Nc4 Qd8 19. Be5 Qg5 20. f4 Qg6 21. Rf3
Nf6 22. Rg3 Qh6 23. Bxf6 Rxf6 24. Qf3 g6 25. Ne5 Rb8 26. Rc1 Qg7 27. Be2 b6 28.
Qc3 Rf8 29. h4 Qh6 30. h5 Qxf4 31. Nxg6 hxg6 32. Rxg6+ Kf7 33. Rg7+ Ke8 34.
Qc6+ Kd8 35. Rd1+ Bd7 36. Qxd7# 1-0

[Event "32. Kieler Open 2019 B-Open"]
[Site "Kiel"]
[Date "2019.07.27"]
[Round "2.16"]
[White "Stieber, Mike"]
[Black "Priemer, Sören Gregor"]
[Result "1-0"]
[WhiteElo "1697"]
[BlackElo "1393"]
[Annotator "MB"]
[PlyCount "82"]
[EventDate "2019.??.??"]

1. d4 Nf6 2. c4 e6 3. a3 b6 4. Bg5 h6 5. Bh4 g6 6. Nc3 d6 7. e4 g5 8. Bg3 Bb7
9. Bd3 Bg7 10. Nge2 Qe7 11. Qc2 Nbd7 12. Nb5 Kd8 13. O-O-O Nh5 14. f3 Nxg3 15.
hxg3 c6 16. Nbc3 e5 17. d5 c5 18. g4 a6 19. Ng3 Qf6 20. Nf5 Nf8 21. Ne2 Ng6 22.
Neg3 Bc8 23. Nh5 Bxf5 24. Nxf6 Bxf6 25. exf5 Ne7 26. Rh2 Ng8 27. Qa4 Ne7 28.
Rdh1 Bg7 29. f6 Bxf6 30. Rxh6 Rxh6 31. Rxh6 Ng8 32. Bf5 Ra7 33. Rh7 Ke7 34. Qc6
e4 35. fxe4 Be5 36. Be6 Kf6 37. Qe8 Bf4+ 38. Kc2 Ke5 39. Bxf7+ Kd4 40. Bxg8 Ke3
41. Rxa7 Ke2 1-0

[Event "32. Kieler Open 2019 B-Open"]
[Site "Kiel"]
[Date "2019.07.27"]
[Round "2.17"]
[White "Priemer, Robert"]
[Black "Malinowsky, Levi"]
[Result "1/2-1/2"]
[WhiteElo "1682"]
[BlackElo "1418"]
[Annotator "MB"]
[PlyCount "79"]
[EventDate "2019.??.??"]

1. e4 e5 2. Nf3 Nc6 3. Bb5 a6 4. Bxc6 dxc6 5. d3 Bd6 6. h3 Nf6 7. O-O h6 8. Be3
O-O 9. Nbd2 Bd7 10. c3 c5 11. d4 cxd4 12. cxd4 exd4 13. Bxd4 Nh7 14. Nc4 Bc6
15. Nxd6 cxd6 16. Re1 Ng5 17. Nxg5 Qxg5 18. Bc3 d5 19. exd5 Bxd5 20. g3 Bc6 21.
Qd4 Rad8 22. h4 Qg6 23. Qf4 Rfe8 24. Rac1 Qh5 25. Rxe8+ Rxe8 26. Qd4 f6 27. Qd3
Qg4 28. Kh2 Bf3 29. Re1 Rxe1 30. Bxe1 Qe4 31. Qxe4 Bxe4 32. g4 Kf7 33. Kg3 g5
34. hxg5 hxg5 35. f3 Bd5 36. a3 Ke6 37. Bc3 f5 38. f4 gxf4+ 39. Kxf4 fxg4 40.
Kxg4 1/2-1/2

[Event "32. Kieler Open 2019 B-Open"]
[Site "Kiel"]
[Date "2019.07.27"]
[Round "2.18"]
[White "Stolzenwald, Frank"]
[Black "Bahr, Arne"]
[Result "0-1"]
[WhiteElo "1307"]
[BlackElo "1667"]
[Annotator "MB"]
[PlyCount "34"]
[EventDate "2019.??.??"]

1. e4 g6 2. e5 c5 3. c3 Nc6 4. f4 d5 5. d4 e6 6. Nf3 Nh6 7. h3 Nf5 8. Bb5 Bd7
9. Bxc6 Bxc6 10. g4 Ng3 11. Rg1 Ne4 12. Nbd2 cxd4 13. cxd4 Bb4 14. a3 Qa5 15.
Rg2 Bb5 16. Qb3 Be7 17. Kd1 Ba4 0-1

[Event "32. Kieler Open 2019 B-Open"]
[Site "Kiel"]
[Date "2019.07.27"]
[Round "2.19"]
[White "Christensen, Mats"]
[Black "Zechel, Rolf-Rüdiger"]
[Result "0-1"]
[WhiteElo "1543"]
[BlackElo "1651"]
[Annotator "MB"]
[PlyCount "64"]
[EventDate "2019.??.??"]

1. d4 Nf6 2. c4 c5 3. d5 b5 4. cxb5 a6 5. bxa6 Bxa6 6. Nc3 d6 7. g3 g6 8. Bg2
Bg7 9. Nf3 O-O 10. O-O Nbd7 11. Re1 Nb6 12. e4 Nfd7 13. Bf4 Qc7 14. Qc1 Rfb8
15. g4 Ne5 16. Nxe5 Bxe5 17. Kh1 Nc4 18. Rb1 Bd4 19. Nd1 Qa5 20. Nc3 Ne5 21.
Bf1 Rb7 22. Qc2 Nf3 23. Bd2 Nxe1 24. Rxe1 Bxf1 25. Rxf1 Qa6 26. Ra1 Rab8 27.
Bc1 Qa5 28. Kg2 Rb4 29. a3 Rb3 30. Bh6 Rxb2 31. Rb1 Qxc3 32. Rxb2 Qxb2 0-1

[Event "32. Kieler Open 2019 B-Open"]
[Site "Kiel"]
[Date "2019.07.27"]
[Round "2.20"]
[White "Eberhardt, Michael"]
[Black "Wentzel, Martin"]
[Result "1-0"]
[WhiteElo "1761"]
[BlackElo "1335"]
[Annotator "MB"]
[PlyCount "67"]
[EventDate "2019.??.??"]

1. Nf3 d6 2. c4 Nf6 3. b4 e5 4. d3 h6 5. Bb2 e4 6. dxe4 Nxe4 7. Nc3 Ng5 8. Nd4
c6 9. e3 a6 10. Bd3 c5 11. bxc5 dxc5 12. Nde2 Be7 13. Nd5 Qd6 14. Bxg7 Rg8 15.
Nxe7 Kxe7 16. Bc3 Qc6 17. Nf4 Be6 18. f3 Nd7 19. h4 Nxf3+ 20. Qxf3 Qc7 21. Nxe6
fxe6 22. O-O-O Rgf8 23. Qe2 Qc6 24. e4 e5 25. Rhf1 Qe6 26. Rxf8 Nxf8 27. Be1
Ng6 28. g3 Nf8 29. Qb2 Qc6 30. Qf2 b6 31. Qf5 Nd7 32. Qh7+ Kf8 33. Be2 Qe6 34.
Qxd7 1-0

[Event "32. Kieler Open 2019 B-Open"]
[Site "Kiel"]
[Date "2019.07.27"]
[Round "2.21"]
[White "Zielke, Bernd"]
[Black "Klich, Mirko"]
[Result "1-0"]
[WhiteElo "1707"]
[BlackElo "1294"]
[Annotator "MB"]
[PlyCount "57"]
[EventDate "2019.??.??"]

1. b4 d5 2. Bb2 Nf6 3. Nf3 e6 4. b5 Nbd7 5. e3 Bd6 6. c4 c6 7. a4 Qc7 8. cxd5
cxd5 9. Be2 O-O 10. O-O b6 11. Na3 Bb7 12. Rc1 Qd8 13. d3 Qe7 14. Qb3 Nc5 15.
Bxf6 Qxf6 16. Qd1 e5 17. Nb1 Rad8 18. Nfd2 Qg6 19. d4 Ne6 20. dxe5 Bxe5 21. Nf3
d4 22. Qd2 dxe3 23. Qxe3 Bf4 24. Nh4 Qg5 25. Qh3 Bxc1 26. g3 Nd4 27. Bd3 Nf3+
28. Nxf3 Bxf3 29. Qxh7# 1-0

[Event "32. Kieler Open 2019 B-Open"]
[Site "Kiel"]
[Date "2019.07.27"]
[Round "2.22"]
[White "Friedrich, Heike"]
[Black "Bunke, Mike"]
[Result "1-0"]
[WhiteElo "1155"]
[BlackElo "1597"]
[Annotator "MB"]
[PlyCount "51"]
[EventDate "2019.??.??"]

1. e4 c5 2. Bc4 Nc6 3. Nf3 d6 4. O-O g6 5. Nc3 Bg7 6. d3 Nf6 7. Re1 O-O 8. Be3
a6 9. h3 b5 10. Bb3 Bb7 11. Rb1 Na5 12. Bd5 Nxd5 13. Nxd5 Nc6 14. c3 e6 15. Nf4
f5 16. Nxe6 Qf6 17. Nxf8 Rxf8 18. exf5 Qxf5 19. Rf1 Ne7 20. Qe2 Nd5 21. Rbe1
Bc6 22. Nh4 Qd7 23. Qg4 Qf7 24. c4 Nf6 25. Qg3 d5 26. Bxc5 1-0

[Event "32. Kieler Open 2019 B-Open"]
[Site "Kiel"]
[Date "2019.07.27"]
[Round "2.23"]
[White "Kathage, Holger"]
[Black "Wieser, Hans-Joachim"]
[Result "1/2-1/2"]
[WhiteElo "1662"]
[BlackElo "1556"]
[Annotator "MB"]
[PlyCount "41"]
[EventDate "2019.??.??"]

1. d4 d5 2. Nf3 Nc6 3. e3 Nf6 4. Nbd2 Bf5 5. c3 e6 6. Nh4 Bd6 7. Nxf5 exf5 8.
Bd3 Ne4 9. f3 Qh4+ 10. g3 Bxg3+ 11. Ke2 Nf2 12. hxg3 Qxh1 13. Qb3 Qg2 14. Bxf5
Ne4+ 15. Kd3 Nd6 16. Qxd5 O-O 17. b4 Ne7 18. Bxh7+ Kh8 19. Qh5 Ng8 20. Ba3 Nh6
21. Be4 1/2-1/2

[Event "32. Kieler Open 2019 B-Open"]
[Site "Kiel"]
[Date "2019.07.27"]
[Round "2.24"]
[White "Wellßow, Lio Keanu"]
[Black "Turp, Hüseyin"]
[Result "0-1"]
[WhiteElo "1184"]
[BlackElo "1620"]
[Annotator "MB"]
[PlyCount "56"]
[EventDate "2019.??.??"]

1. Nf3 d5 2. g3 Nc6 3. d4 Bf5 4. c3 e6 5. Bg2 Be7 6. O-O h5 7. h3 g5 8. Qd2 g4
9. Ng5 h4 10. gxh4 gxh3 11. Bxh3 Bxg5 12. Qxg5 Bxh3 13. Qxd8+ Nxd8 14. Bg5 f6
15. Bf4 Rxh4 16. Bxc7 Bxf1 17. Kxf1 Rh1+ 18. Kg2 Re1 19. e3 Nf7 20. Ba5 b6 21.
Bb4 a5 22. Ba3 Ngh6 23. b3 O-O-O 24. Be7 Rg8+ 25. Kf3 Ng5+ 26. Kg3 Ne4+ 27. Kf3
Nd2+ 28. Kf4 Rg4# 0-1

[Event "32. Kieler Open 2019 B-Open"]
[Site "Kiel"]
[Date "2019.07.27"]
[Round "2.25"]
[White "Sowa, Uwe"]
[Black "Astaev, Tobias"]
[Result "1/2-1/2"]
[WhiteElo "1520"]
[BlackElo "1202"]
[Annotator "MB"]
[PlyCount "60"]
[EventDate "2019.??.??"]

1. d4 d5 2. Nc3 e6 3. Bf4 Bb4 4. e3 Nf6 5. Bd3 a6 6. h4 c5 7. dxc5 Bxc5 8. a3
Nc6 9. Nf3 Qe7 10. Ne5 Bd6 11. Nxc6 bxc6 12. Bxd6 Qxd6 13. f4 O-O 14. Qf3 Bd7
15. O-O-O c5 16. Ne4 Nxe4 17. Bxe4 Bc6 18. g4 dxe4 19. Rxd6 exf3 20. Rxc6 Rac8
21. Rxc8 Rxc8 22. Rf1 g6 23. Rxf3 f5 24. gxf5 exf5 25. h5 gxh5 26. Rg3+ Kf7 27.
Rg5 h4 28. Rh5 Kg6 29. Rxh4 Rd8 30. Rh2 h5 1/2-1/2

[Event "32. Kieler Open 2019 B-Open"]
[Site "Kiel"]
[Date "2019.07.27"]
[Round "2.26"]
[White "Solodky, Willy"]
[Black "Sari, Onur"]
[Result "1-0"]
[WhiteElo "1483"]
[BlackElo "1162"]
[Annotator "MB"]
[PlyCount "59"]
[EventDate "2019.??.??"]

1. d4 g6 2. c4 Bg7 3. Nc3 e6 4. Nf3 Ne7 5. e4 c6 6. Be3 d5 7. Qc2 O-O 8. Be2
Nd7 9. O-O Qc7 10. Qd2 b6 11. Bh6 Bb7 12. Bxg7 Kxg7 13. a4 c5 14. cxd5 exd5 15.
Nb5 Qc6 16. exd5 Nxd5 17. dxc5 Nxc5 18. Qd4+ Kg8 19. Bc4 Rfd8 20. Rfd1 a6 21.
Ne5 Qe6 22. Nc7 Nxc7 23. Qxd8+ Rxd8 24. Rxd8+ Kg7 25. Bxe6 N5xe6 26. Rd7 Kf6
27. Re1 b5 28. Rxf7+ Kg5 29. Rxh7 bxa4 30. h4+ 1-0

[Event "32. Kieler Open 2019 B-Open"]
[Site "Kiel"]
[Date "2019.07.27"]
[Round "2.27"]
[White "Tran, Duc Huy"]
[Black "Malinowsky, Celina"]
[Result "1-0"]
[WhiteElo "1451"]
[BlackElo "1109"]
[Annotator "MB"]
[PlyCount "89"]
[EventDate "2019.??.??"]

1. c4 e5 2. Nc3 Nc6 3. g3 Bc5 4. Bg2 Nf6 5. e3 d6 6. Nge2 Be6 7. d4 Bxc4 8.
dxc5 dxc5 9. Qxd8+ Rxd8 10. O-O Nb4 11. b3 Bd5 12. Nxd5 Nbxd5 13. Bb2 e4 14.
Bxf6 Nxf6 15. Nc3 c6 16. Nxe4 Nd7 17. Nd6+ Ke7 18. Nxb7 Rc8 19. Rac1 Rhd8 20.
Nxd8 Kxd8 21. Rfd1 Ke7 22. Bh3 Rd8 23. Bxd7 Rxd7 24. Rxd7+ Kxd7 25. Rxc5 a6 26.
Ra5 c5 27. Rxa6 c4 28. Ra7+ Ke6 29. Rc7 cxb3 30. axb3 h5 31. b4 Kd6 32. Rc5 g6
33. Kg2 f6 34. Kf3 g5 35. Ke4 h4 36. Kd4 hxg3 37. hxg3 g4 38. b5 f5 39. Rc6+
Kd7 40. Kd5 f4 41. b6 fxe3 42. Rc7+ Kd8 43. fxe3 Ke8 44. b7 Kd8 45. b8=Q# 1-0

[Event "32. Kieler Open 2019 B-Open"]
[Site "Kiel"]
[Date "2019.07.27"]
[Round "2.28"]
[White "Schulz, Jale"]
[Black "Diederichs, Karl"]
[Result "0-1"]
[WhiteElo "933"]
[BlackElo "1445"]
[Annotator "MB"]
[PlyCount "124"]
[EventDate "2019.??.??"]

1. e4 e6 2. Nf3 d5 3. e5 c5 4. Bb5+ Bd7 5. Bxd7+ Nxd7 6. d3 Qc7 7. Bf4 Ne7 8.
d4 Ng6 9. Bg3 Rc8 10. Nc3 a6 11. O-O cxd4 12. Qxd4 Bc5 13. Qd2 Ngxe5 14. Nxe5
Nxe5 15. Rfe1 Bd6 16. Qg5 Ng6 17. Bxd6 Qxd6 18. Rad1 O-O 19. Ne4 Qf4 20. Qxf4
Nxf4 21. Nd6 Rxc2 22. g3 Nh5 23. b3 Rxa2 24. Nxb7 Rc8 25. Nd6 Rcc2 26. Rf1 Nf6
27. Rc1 g6 28. Rb1 Ng4 29. h3 Rxf2 30. Rxf2 Nxf2 31. h4 Ne4 32. Nxe4 dxe4 33.
Re1 f5 34. g4 Rb2 35. gxf5 exf5 36. Re3 a5 37. Kf1 Kg7 38. Ke1 Kh6 39. Kd1 Kh5
40. Rh3 f4 41. Kc1 Ra2 42. Kb1 Re2 43. Rh1 f3 44. Kc1 f2 45. Kd1 Re1+ 46. Rxe1
fxe1=Q+ 47. Kxe1 Kxh4 48. Kf2 Kg4 49. Ke3 h5 50. Kf2 h4 51. Kg2 e3 52. Kg1 h3
53. Kf1 h2 54. Kg2 e2 55. Kf2 h1=Q 56. Kxe2 Qe4+ 57. Kd2 Kf3 58. Kc3 Ke3 59. b4
Qxb4+ 60. Kc2 a4 61. Kc1 Kd3 62. Kd1 Qd2# 0-1